00737nam a2200253 a 4500001001300000003000900013005001700022008004100039020002300080082001600103100002000119245003300139260004400172300000900216500003500225505002000260650001200280650002200292700002000314902000800334942000700342952011700349999001700466nice12345678IN_TiNIC20260116013336.0050524s1993 mada grp 000 0 eng  a8186041 c12000a306.69bBAJ aBajaj, Jitendra aAyodhya and the Future India aMadrasbCentre for Policy Studiesc1993 a261p aincludes index and biblioraphy2 aNotes, Glossary aAyodhya aCommunalism-Hindu1 aBajaj, Jitendra bSRS cBK 001040708StackRoom-aHMIbHMId2007-04-04g120.00l0o306.69 BAJp015497r2007-04-04v120.00w2005-05-24yBK c10621d10621